| 000 | nam a22 a 4500 | ||
|---|---|---|---|
| 999 |
_c125004 _d125004 |
||
| 003 | BLK | ||
| 005 | 20220531122821.0 | ||
| 008 | 180409b bul|||||r ||||||| ||bul|| | ||
| 010 | _aKNG00130673000 | ||
| 040 | _aBLK | ||
| 041 |
_aBUL _cBUL |
||
| 080 |
_aБългарска литература _b821.163.2 _x-32 _z821.163.2-32 |
||
| 100 | 1 |
_aБарух, Арманд Сабат _eпърви автор _9301770 |
|
| 139 |
_aБарух, Арманд Сабат _bБ 27 |
||
| 245 | 1 | 0 |
_aРазкази и повести _cАрманд Сабат Барух. |
| 250 | _a2. изд. | ||
| 257 | _aBGR | ||
| 260 |
_bНар. култура _c1966 _aСофия |
||
| 300 |
_a350 с. _c21 см _b1 л. портр. |
||
| 380 | _aX | ||
| 500 | _a1. изд. 1961 със загл. Разкази. - 8 090 тир. | ||
| 852 | _aЦб 36366 | ||
| 856 | 4 | _qpdf | |
| 856 | 4 | _qpdf | |
| 942 |
_cKNG _n0 _s1 |
||
| 944 |
_aCR _c17.05.2012 _l17.05.2012 - от С1,Р / 17.05.2012 _kЛюдмила_Стоянова |
||
| 944 |
_aED _c17.05.2012 _l17.05.2012 - от С1,Р / 17.05.2012 |
||
| 999 | _d125004 | ||